Italian Language Dates and Time - Statistics

General Stats
  • This quiz has been taken 90 times
  • The average score is 18 of 20
Answer Stats
Hint Answer % Correct
year anno
100%
minutes minuti
100%
past passato
100%
seconds secondi
100%
next week settimana prossima
100%
future futuro
96%
night notte
96%
present presente
96%
month mese
91%
midnight mezzanotte
91%
week settimana
91%
tomorrow domani
87%
day giorno
87%
today oggi
87%
yesterday ieri
83%
morning mattina
83%
evening sera
83%
noon mezzogiorno
78%
hours ore
74%
afternoon pomeriggio
70%
No matching quizzes found
Score Distribution
Percent of People with Each Score
Percentile by Number Answered
Your Score History
You have not taken this quiz